Portugués de Brasil (Registro nro. 11268)
[ vista simple ]
| 000 -Cabecera | |
|---|---|
| Campo de control de longitud fija | 00716aam a2200301 4500 |
| 005 - Fecha y hora de la última transacción | |
| Campo de control | 20251024185224.0 |
| 008 - Elementos de longitud fija--Información general | |
| Campo de control de longitud fija | 150306b2013 xxu||||| |||| 00| 0 spa d |
| 020 ## - International Standard Book Number | |
| Número Internacional Estándar del Libro (ISBN) | 9782700505757 |
| 041 ## - Idioma | |
| Código de idioma | Portugués |
| 041 ## - Idioma | |
| Código de idioma | Español |
| 082 ## - Clasificación Decimal Dewey | |
| Número de clasificación | 469.824 P853po |
| 245 ## - Título propiamente dicho | |
| Título | Portugués de Brasil |
| 260 ## - Pie de imprenta | |
| Lugar de publicación, distribución, etc. | Francia |
| 260 ## - Pie de imprenta | |
| Nombre del editor, distribuidor, etc. | Ediciones Assimil |
| 260 ## - Pie de imprenta | |
| Fecha de publicación, distribución, etc. | 2013 |
| 300 ## - Descripción física | |
| Extensión | 634 páginas |
| 490 ## - Serie | |
| Título de la Serie | Temática General |
| 505 ## - Nota de contenido | |
| Nota de contenido | Contiene Disco Compacto N 796 |
| 650 ## - Materia general | |
| Temática (materia general) | PORTUGUÉS |
| 650 ## - Materia general | |
| Temática (materia general) | GRAMÁTICA |
| 650 ## - Materia general | |
| Temática (materia general) | VOCABULARIO |
| 650 ## - Materia general | |
| Temática (materia general) | GLOSARIO |
| 650 ## - Materia general | |
| Temática (materia general) | EJERCICIOS |
| 650 ## - Materia general | |
| Temática (materia general) | ENSEÑANZA DEL PORTUGUÉS |
| 650 ## - Materia general | |
| Temática (materia general) | FONÉTICA |
| 942 ## - Punto de acceso adicional KOHA | |
| Tipo de ítem KOHA | Libro |
| Fuente del sistema de clasificación o colocación | Dewey Decimal Classification |
| Signatura completa | Código de barras | Programa Académico | Tipo de ítem |
|---|---|---|---|
| 469.824 P853po | 23665 | Enseñanza de Idiomas | Libro |
| 469.824 P853po | 796ADC | Enseñanza de Idiomas | Disco Compacto |
| 469.824 P853po | 796BDC | Enseñanza de Idiomas | Disco Compacto |
| 469.824 P853po | 796CDC | Enseñanza de Idiomas | Disco Compacto |
| 469.824 P853po | 796DDC | Enseñanza de Idiomas | Disco Compacto |
| 469.824 P853po | 796EDC | Enseñanza de Idiomas | Disco Compacto |